| 000 | 00450nam a2200169Ia 4500 | ||
|---|---|---|---|
| 008 | 100224t2000 xxu||||| |||| 00| 0 sin d | ||
| 041 | _asin | ||
| 080 |
_aX8S31 _bSAM |
||
| 100 | _aSaman Kumara,K.K. | ||
| 245 | _aපිණි අහුරක් ඉහිරුණා | ||
| 246 | _aPini Ahurak ihiruna | ||
| 260 |
_bSanhinda _aNugegoda _c2000 |
||
| 300 | _a287p., 21 cm | ||
| 942 | _cBK | ||
| 999 |
_c71615 _d71615 |
||
| 003 | LK-CoDNM | ||
| 040 |
_aLK-CoDNM _dLK-CoDNM _eLK-CoDNM |
||